Blackboard work / (Record no. 7735)
[ view plain ]
| 000 -LEADER | |
|---|---|
| fixed length control field | 00604nam a22002413 4500 |
| 001 - CONTROL NUMBER | |
| JCCL Control Number | 7735 |
| 003 - CONTROL NUMBER IDENTIFIER | |
| JCCL marc code | BD - JhCC |
| 005 - DATE AND TIME OF LATEST TRANSACTION | |
| control field | 20181009113556.0 |
| 008 - FIXED-LENGTH DATA ELEMENTS--GENERAL INFORMATION | |
| fixed length control field | 961104s1961 xx 000 0 und d |
| 035 ## - SYSTEM CONTROL NUMBER | |
| system control number | (BD - JhCC)7735 |
| 040 ## - CATALOGING SOURCE | |
| Original cataloging agency | EQO |
| Transcribing agency | EQO |
| Modifying agency | BD-JhCC |
| 041 ## - LANGUAGE CODE | |
| Language code of Book | eng |
| 082 ## - DEWEY DECIMAL CLASSIFICATION NUMBER | |
| Classification number | 371.335 |
| Author mark and Year | RAM 1961 |
| 100 1# - MAIN ENTRY--PERSONAL NAME | |
| Personal name | Ramshaw, Harold George. |
| 245 10 - TITLE STATEMENT | |
| Title | Blackboard work / |
| Statement of responsibility, etc | adapted by C. White. |
| 260 ## - PUBLICATION, DISTRIBUTION, ETC. (IMPRINT) | |
| Place of publication, distribution, etc | Kuala Lumpur, |
| Date of publication, distribution, etc | 1961. |
| 300 ## - PHYSICAL DESCRIPTION | |
| Pagination | 56 p. : |
| Dimensions | 20 cm. |
| 490 1# - SERIES STATEMENT | |
| Series statement | Teacher's bookshelf |
| 700 1# - ADDED ENTRY--PERSONAL NAME | |
| Personal name | White, C. |
| 830 #0 - SERIES ADDED ENTRY--UNIFORM TITLE | |
| Uniform title | Teacher's bookshelf |
| 942 ## - ADDED ENTRY ELEMENTS (KOHA) | |
| Source of classification or shelving scheme | Dewey Decimal Classification |
| Koha item type | Books |
| Source of classification or shelving scheme | Damaged status | Not for loan | Home library | Current library | Shelving location | Total Checkouts | Full call number | Barcode | Date last seen | Copy number | Koha item type |
|---|---|---|---|---|---|---|---|---|---|---|---|
| Dewey Decimal Classification | JCC Rouf Library | JCC Rouf Library | General Stacks | 371.335 RAM 1961 | 955 | 02/13/2018 | C -1 | Books |